000 00568nam a2200217Ia 4500
008 101110s9999 xx 000 0 und d
041 _aENGLISH
082 _bFR71
100 _aReddy S.R.
245 _aPrinciples of crop production
260 _c2003
_bKalyani publication, Ludhiana
300 _a428
365 _b200
520 _aDry-land Agriculture
546 _aENGLISH
630 _aPrinciples of crop production
650 _aDry-land Agriculture
655 _aDry-land Agriculture
730 _aPrinciples of crop production
942 _cBOOK
999 _c793225
_d793222